Szczegóły MARC21

Kształtowanie zysków w firmie handlowej : porady dla przedsiębiorców /

003 -Nazwa inst., której nr kontr. jest w polu 001 [,]
    • @
    • Nazwa instytucji, której n kontrolny jest w polu 001
    • NUKAT
005 -DATA I CZAS OSTATNIEJ MODYFIKACJI [,]
    • @
    • pole kontrolne
    • 20241231111842.0
020 -Międzynarod. znormalizowany nr książki - ISBN [ , ]
    • a
    • Numer ISBN
    • 8386424001 Find
040 -Instytucja sporządzająca opis [ , ]
    • a
    • Instytucja, która sporządziła opis (NP)
    • SZCZ U/KP
    • b
    • Język katalogowania
    • pol
    • e
    • Zasady katalogowania
    • rda
    • c
    • Instytucja, która sporządziła rekord (NP)
    • SZCZ U/KPs
942 -Rodzaj dokumentu [ , ]
    • c
    • Rodzaj dokumentu
    • Książka
100 -Hasło główne - nazwa osobowa [1, ]
    • a
    • Nazwa osobowa (NP)
    • Żyznowski, Telesfor.
    • e
    • Rodzaj współpracy
    • Autor
    • 9
    • KHW
    • 478076
245 -Strefa tytułu i oznaczenia odpowiedzialności [1,0]
    • a
    • Tytuł
    • Kształtowanie zysków w firmie handlowej : Find
    • b
    • Ciąg dalszy tytułu (NP)
    • porady dla przedsiębiorców / Find
    • c
    • Pozostałe elementy strefy tytułu i oznaczenia odpowiedzialności (NP)
    • Telesfor Żyznowski.
260 -Strefa adresu wydawniczego [ , ]
    • a
    • Miejsce wydania (P)
    • Warszawa :
    • b
    • Nazwa wydawcy (P)
    • Wydawnictwo Meander,
    • c
    • Data wydania (P)
    • cop. 1994.
300 -Strefa opisu fizycznego [ , ]
    • a
    • Określenie formy książki i/lub objętość (NP)
    • 40 stron ;
    • c
    • Format (NP)
    • 20 cm.
336 -Typ zawartości [ , ]
    • a
    • Termin opisujący typ zawartości
    • Tekst
    • b
    • Kod określający zawartość
    • txt
    • 2
    • Źródło (terminu i kodu)
    • rdacontent
337 -Typ mediów [ , ]
    • a
    • Tryb odtwarzania
    • Bez urządzenia pośredniczącego
    • b
    • Kod typu mediów
    • n
    • 2
    • Źródło (terminu i kodu)
    • rdamedia
338 -Typ/rodzaj nośnika [ , ]
    • a
    • Hasło opisujące typ nośnika
    • Wolumin
    • b
    • Kod typu nośnika
    • nc
    • 2
    • Źródło (terminu i kodu)
    • rdacarrier
500 -Uwaga ogólna [ , ]
    • a
    • Uwaga ogólna (NP)
    • Na okładce: charakterystyka czynników kształtujących zysk, wykorzystanie zysku jako miernika opłacalności transakcji handlowych, praktyczne wskazówki kalkulacji marż oraz powiększania zysku bez potrzeby podwyższania cen.
080 -Uniwersalna Klasyfikacja Dziesiętna [ , ]
    • a
    • Symbol klasyfikacji
    • 658.14/.17::339.1
650 -Hasło przedmiotowe [ ,7]
    • a
    • Hasło przedmiotowe
    • Zysk
    • v
    • Określnik formalny
    • poradniki.
    • 2
    • Źródło terminu
    • kaba
    • 9
    • KHW
    • 390445
650 -Hasło przedmiotowe [ ,7]
    • a
    • Hasło przedmiotowe
    • Handel
    • y
    • Określnik chronologiczny
    • 1970-2000.
    • 2
    • Źródło terminu
    • kaba
    • 9
    • KHW
    • 706343
650 -Hasło przedmiotowe [ ,7]
    • a
    • Hasło przedmiotowe
    • Przedsiębiorczość (ekonomia)
    • z
    • Określnik geograficzny
    • Polska
    • y
    • Określnik chronologiczny
    • 1990-.
    • 2
    • Źródło terminu
    • kaba
    • 9
    • KHW
    • 362321
980 -Symbol UKD [ , ]
    • a
    • UKD
    • 658.14/.17::339.1
920 -ISBN [ , ]
    • a
    • ISBN
    • 83-86424-00-1 Find
Numer inwentarzowy Status udost. Lokalizacja Data inwentaryzacji
E.62648-2BE1995-12-11
S.77246-3BE1995-12-11
TS.77247-11T1995-12-11